Normal view MARC view
  • Cambio organizacional

Entry Materia

Number of records used in: 120

001 - NÚMERO DE CONTROL DEL REGISTRO

  • campo de control: 4984

003 - IDENTIFICADOR DE NUMERO DE CONTROL

  • campo de control: MX-MxUPN

005 - FECHA Y HORA DE LA ÚLTIMA TRANSACCIÓN

  • campo de control: 20230213115527.0

008 - DATOS DE LONGITUD FIJA

  • campo de control de longitud fija: 230213n||acnnnbabn | ana |d

035 ## - NÚMERO DE CONTROL DEL SISTEMA

  • Número de control del sistema: UPN10000004984

040 ## - FUENTE DE LA CATALOGACIÓN

  • Centro catalogador de origen: MX-MxUPN
  • Lengua de catalogación: spa
  • Agencia de transcripción: MX-MxUPN

046 ## - FECHAS CON CODIFICACIÓN ESPECIAL

  • Fecha final para contenidos agregados: 2022

053 #4 - NÚMERO CLASIFICADOR - BIBLIOTECA DEL CONGRESO (LC)

  • Elemento numérico de la clasificación - Número único o no. inicial del rango: HD58.8

150 ## - ENCABEZAMIENTO - TEMÁTICO

  • Término de materia o nombre geográfico como elemento inicial: Cambio organizacional

450 ## - VÉASE - MATERIA

  • Encabezamiento temático: Desarrollo organizacional

450 ## - VÉASE - MATERIA

  • Encabezamiento temático: Desarrollo de la organización

450 ## - VÉASE - MATERIA

  • Encabezamiento temático: Innovación organizacional

450 0# - VÉASE - MATERIA

  • Encabezamiento temático: Organizational change

550 ## - VÉASE ADEMÁS - MATERIA

  • Subcampo de control: g
  • Encabezamiento temático o nombre geográfico como elemento de entrada: Administración

550 ## - VÉASE ADEMÁS - MATERIA

  • Subcampo de control: g
  • Encabezamiento temático o nombre geográfico como elemento de entrada: Organización

670 ## - FUENTE EN LA QUE SE LOCALIZARON DATOS

  • Cita de la fuente: A

902 ## - CATALOGADOR

  • Catalogador: MCM/050803